000 01313cam a2200385 a 4500
999 _c23670
_d23670
001 vtls001428277
005 20241211090811.0
008 240226s1976 xo gr 000 f slo
020 _q(viazané)
035 _aSNK000383273
035 _aB1FCD110-06CE-45B9-8E8B-AE01DA110DAD
035 _aurn:nbn:sk:snk-am00ij2f
040 _aSNK
_bslo
_cSNK
_eAACR2
041 1 _aslo
_hnor
044 _axo
_cSK
072 7 _a821.11
_xGermánske literatúry
_2konspekt
080 _a821.113.5-31
_22011
100 1 _aHamsun, Knut,
_d1859-1952
_4aut
_94109
240 1 0 _aMarkens Grøde
_lSlovensky
245 1 0 _aPožehnanie zeme
_cKnut Hamsun; [z nórskeho originálu preložil K. V. Rypáček, Helena Dobiášová; doslov napísal a chronológiu zostavil Ladislav Obuch]
250 _a2. vyd.
260 _aBratislava
_bSlovenský spisovateľ
_c1976
300 _a321 strán
_c
490 1 _aKnižnica Nobelových cien
500 _aPreložené zo súboru Samlede veker
655 7 _anórske romány
_2SNKPH
_92134
700 1 _aRypáček, Karel V.,
_d1885-1957
_4trl
_94110
700 1 _aDobiášová, Helena,
_d1935-1990
_4trl
_94111
700 1 _aObuch, Ladislav,
_d1926-1981
_4aft
_94112
958 _aOND
958 _aLX
958 _aUP
958 _aEUIPO